000 00648nam a22002417a 4500
001 14410
003 BD-JhCC
005 20251023125836.0
008 251023b |||||||| |||| 00| 0 eng d
020 _a9780141980249
035 _a(BD-JhCC) 14410
040 _aBD-JhCC
_dBD-JhCC
041 _aeng
082 _223
_a941.081
_bMAY
100 _aMayhew, Henry
245 _aOf Street Piemen /
_cHenry Mayhew
260 _aLondon:
_bPenguin Classics,
_c2015
300 _a53 p.;
_c16 cm.
490 _a Penguin little black classics,
_v26
650 _aGreat Britain History Victoria, 1837-1901
650 _aEngland London
942 _2ddc
_cBK
999 _c14410
_d14410